[Event "Olympiad Women-44"]
[Site "Chennai"]
[Date "2022.07.30"]
[Round "2.1"]
[White "Georgescu, Lena"]
[Black "Enomah, Emmanuella Trust"]
[Result "1-0"]
[WhiteElo "2279"]
[BlackElo "1901"]
[PlyCount "61"]
[EventDate "2022.07.29"]
[EventType "team-swiss"]
[EventRounds "11"]
[EventCountry "IND"]
[SourceTitle "CBM 210"]
[Source "ChessBase"]
[SourceDate "2022.10.31"]
[SourceVersion "1"]
[SourceVersionDate "2022.10.31"]
[SourceQuality "1"]
[WhiteTeam "Switzerland (W)"]
[BlackTeam "Nigeria (W)"]
[WhiteTeamCountry "SUI"]
[BlackTeamCountry "NGR"]

1. e4 c5 2. Nf3 e6 3. d4 cxd4 4. Nxd4 Nf6 5. Nc3 d6 6. g4 Be7 7. g5 Nfd7 8. h4 a6 9. Be3 Qc7 10. h5 Nc6 11. Qd2 b5 12. 0-0-0 Bb7 13. a3 Nde5 14. f4 Nd7 15. Be2 0-0-0 16. Kb1 Nc5 17. Nb3 b4 18. axb4 Nxb3 19. cxb3 Nxb4 20. Rc1 Nc6 21. Nd5 exd5 22. exd5 Kb8 23. dxc6 Bxc6 24. Bf3 d5 25. Qd4 Bf8 26. Rxc6 Qxc6 27. Qa7+ Kc8 28. Rc1 Qxc1+ 29. Kxc1 Rd6 30. Bg4+ Kd8 31. Qb8+ 1-0

[Event "NGR-ch (Women)"]
[Site "Lagos"]
[Date "2021.11.11"]
[Round "6"]
[White "Enomah, Emmanuella Trust"]
[Black "Onoja, Iyefu Joy"]
[Result "1-0"]
[WhiteElo "1808"]
[BlackElo "1768"]
[PlyCount "149"]
[EventDate "2021.11.09"]
[EventType "tourn"]
[EventRounds "9"]
[EventCountry "NGR"]
[SourceTitle "CBM 205 Extra"]
[Source "ChessBase"]
[SourceDate "2022.01.31"]
[SourceVersion "1"]
[SourceVersionDate "2022.01.31"]
[SourceQuality "1"]

1. c4 e6 2. g3 d5 3. Bg2 c6 4. cxd5 exd5 5. Nf3 Nf6 6. a3 h6 7. d4 Bd6 8. Nc3 Be6 9. 0-0 Nbd7 10. Ne1 Bf5 11. f3 Qe7 12. Nd3 0-0 13. e4 dxe4 14. Re1 Qd8 15. fxe4 Bg4 16. Qb3 Bc7 17. e5 Bb6 18. exf6 Bxd4+ 19. Be3 Nxf6 20. Nf2 Bxe3 21. Rxe3 Rb8 22. Rae1 Be6 23. Qd1 Qb6 24. Qe2 Rfd8 25. h3 Rd7 26. Kh2 Rbd8 27. Rd1 Bc4 28. Qe1 Qxb2 29. Rb1 Qxa3 30. Nce4 Qe7 31. Nxf6+ Qxf6 32. Re8+ Kh7 33. Rxd8 Rxd8 34. Qe4+ Kg8 35. Qxc4 Qxf2 36. Rf1 Qb2 37. Qxf7+ Kh8 38. Rf2 Qd4 39. Re2 Qf6 40. Qxb7 c5 41. Qxa7 c4 42. Rc2 Rc8 43. Qb7 Qd8 44. Qd5 Qxd5 45. Bxd5 c3 46. Kg2 Kh7 47. Be4+ g6 48. Kf3 Kg7 49. Ke3 Kf6 50. Kd3 Ke5 51. Bf3 Rf8 52. Re2+ Kd6 53. Re3 Rc8 54. Kc2 Rc7 55. Rxc3 Rf7 56. Kd2 Ke5 57. Ke2 h5 58. Rc6 Kf5 59. Rc5+ Kf6 60. Be4 Re7 61. Kf3 g5 62. Rf5+ Kg6 63. Re5+ Kf6 64. Rxe7 Kxe7 65. Bg6 h4 66. g4 Kf6 67. Bf5 Ke5 68. Ke3 Kd5 69. Be4+ Kc4 70. Bg2 Kc3 71. Ke4 Kd2 72. Kf5 Ke2 73. Kxg5 Kf2 74. Kxh4 Kxg2 75. g5 1-0

[Event "NGR-ch (Women)"]
[Site "Lagos"]
[Date "2021.11.10"]
[Round "4"]
[White "Akintoye, Deborah"]
[Black "Enomah, Emmanuella Trust"]
[Result "0-1"]
[WhiteElo "1871"]
[BlackElo "1808"]
[PlyCount "58"]
[EventDate "2021.11.09"]
[EventType "tourn"]
[EventRounds "9"]
[EventCountry "NGR"]
[SourceTitle "CBM 205 Extra"]
[Source "ChessBase"]
[SourceDate "2022.01.31"]
[SourceVersion "1"]
[SourceVersionDate "2022.01.31"]
[SourceQuality "1"]

1. e4 c5 2. Nf3 e6 3. Nc3 a6 4. d4 cxd4 5. Nxd4 d6 6. a3 b5 7. Be3 Bb7 8. f3 Nf6 9. Be2 Nbd7 10. Nb3 Be7 11. 0-0 0-0 12. Qd2 Qc7 13. Rac1 Rac8 14. Rfd1 Rfd8 15. Bf1 d5 16. exd5 Nxd5 17. Nxd5 Bxd5 18. Kh1 Bd6 19. h3 Nf6 20. Nd4 Nh5 21. Bd3 Ng3+ 22. Kg1 Be5 23. Qf2 Nh5 24. Kh1 Bg3 25. Qd2 Qe7 26. Ne2 Bb8 27. Bg1 Qh4 28. Qe1 Qxh3+ 29. gxh3 Bxf3# 0-1

[Event "Online Olym Div4 C"]
[Site "Chess.com INT"]
[Date "2020.08.01"]
[Round "6.2"]
[White "Enomah, Emmanuella Trust"]
[Black "Al Ghafri, Alanoud"]
[Result "1-0"]
[WhiteElo "1808"]
[BlackElo "1259"]
[PlyCount "97"]
[EventDate "2020.07.31"]
[EventType "team-tourn (rapid)"]
[EventRounds "9"]
[EventCountry "USA"]
[SourceTitle "CBM 198"]
[Source "ChessBase"]
[SourceDate "2020.10.31"]
[SourceVersion "1"]
[SourceVersionDate "2020.10.31"]
[SourceQuality "1"]
[WhiteTeam "Nigeria"]
[BlackTeam "Oman"]
[WhiteTeamCountry "NGR"]
[BlackTeamCountry "OMN"]

1. c4 e5 2. g3 Nc6 3. Bg2 Nf6 4. Nf3 e4 5. Ng5 Qe7 6. Nc3 Qc5 7. Ngxe4 Nxe4 8. Nxe4 Qxc4 9. 0-0 Bc5 10. Nxc5 Qxc5 11. b3 0-0 12. Bb2 d6 13. Rc1 Qb5 14. d4 Ne7 15. Rxc7 Nf5 16. e4 Nh6 17. Qc2 Be6 18. Rc1 Rab8 19. Qc3 Qg5 20. d5 Bg4 21. Qb4 Qd8 22. Rxb7 Rxb7 23. Qxb7 Qb8 24. Qxb8 Rxb8 25. Rc7 a6 26. f3 Bc8 27. Kf2 f6 28. Ba3 Rb6 29. Rxc8+ Kf7 30. Rc6 Rxc6 31. dxc6 Ke8 32. Bxd6 Kd8 33. c7+ Kc8 34. Bh3+ f5 35. exf5 Kd7 36. f6+ Kxd6 37. c8Q gxf6 38. Qe6+ Kc5 39. Qe3+ Kb4 40. Qxh6 Ka3 41. Qxf6 Kxa2 42. Qxa6+ Kxb3 43. Qb5+ Kc3 44. Ke3 Kc2 45. Qd3+ Kb2 46. Kd2 Ka2 47. Qb5 Ka1 48. Kc2 Ka2 49. Qb2# 1-0